000 01590nam a2200361 i 4500
001 43171
003 ES-MaACL
005 20230906160738.0
007 t|
008 030317s1963 sp ||||1| spa d
245 0 0 _aV Certamen Literario de la Hora XXV.
260 _aBarcelona :
_bLye,
_c1963.
300 _a308 p. ;
_c24 cm.
505 8 _aContiene: En el cerrado de los luceros / Salvador Fernández Alvarez. Más grande que la vida misma / Antonio Planas Utrilla. El segundo decisivo / José Massot Gimeno. La ventana / Eduardo de Castro Pastor. El viento borró todas las huellas / José López Sánchez. El hombre de las estrellas / Antonio Campoy Ibañez. La vida empieza a las once y media / Luis Gutiérrez Trueba. Ana Sánchez / Luis Gutiérrez Trueba. La flor del diablo / Rafael Velasco
700 1 _aFernández Alvarez, Salvador.
_949459
700 1 _aPlanas Utrilla, Antonio.
_992533
700 1 _aMassot Gimeno, José.
_978858
700 1 _aCastro Pastor, Eduardo de.
_936946
700 1 _aLópez Sánchez, José.
_973957
700 1 _aCampoy Ibañez, Antonio.
_934296
700 1 _aGutiérrez Trueba, Luis.
_961231
700 1 _aVelasco, Rafael.
_9113737
740 0 _aEn el cerrado de los luceros.
740 0 _aMás grande que la vida misma.
740 3 _aEl segundo decisivo.
740 3 _aLa ventana.
740 3 _aEl viento borró todas las huellas.
740 3 _aEl hombre de las estrellas.
740 3 _aLa vida empieza a las once y media.
740 0 _aAna Sánchez.
740 3 _aLa flor del diablo.
852 _aES-MaACL
_jC-24352
_bR.52493
999 _c43171
_d43171